| 000 | 01517 a2200229 4500 | ||
|---|---|---|---|
| 003 | Nust | ||
| 005 | 20170207154054.0 | ||
| 010 | _a 2009013925 | ||
| 020 | _a0470461306 (hbk.) | ||
| 020 | _a9780470461303 (hbk.) | ||
| 035 | _a(OCoLC)ocn299694926 | ||
| 040 | _cNust | ||
| 082 | 0 | 0 | _a371.3344678 |
| 100 | 1 | _aBonk, Curtis Jay. | |
| 245 | 1 | 4 |
_aThe world is open (E-BOOK) _bhow Web technology is revolutionizing education / _cCurtis J. Bonk. |
| 250 | _a1st ed. | ||
| 260 |
_aSan Francisco, Calif. : _bJossey-Bass, _cc2009. |
||
| 300 |
_ax, 470 p. ; _c24 cm. |
||
| 505 | 0 | _aIntroduction to the open learning world -- We all learn -- To search and to scan. Opener #1: Web searching in the world of e-books -- E-demand around the globe. Opener #2: E-learning and blended learning -- It's a free software world after all. Opener #3: Availability of open source and free software -- MIT in every home. Opener #4: Leveraged object repositories and portals -- Portals for the people. Opener #5: Learning object repositories and portals -- Making a contribution. Opener #6: Learner participation in open information communities -- Collaborate or die! Opener #7: Electronic collaboration and interaction -- Who are you? Opener #8: Alternative reality learning -- U-learning? Opener #9: Real-time mobility and portability -- Learning at your service. Opener #10: Networks of personalized learning -- The treasures and traps of this open learning world. | |
| 650 | 0 | _aInternet in education. | |
| 651 | _aThe world is open (E-BOOK) | ||
| 942 |
_2ddc _cBK |
||
| 999 |
_c193262 _d193262 |
||